000 00291nam a22001337a 4500
008 171016b xxu||||| |||| 00| 0 eng d
020 _a9781848445802
041 _aeng
080 _a33
100 _a52
101 _aECO
245 _aEDUCATING ECONOMISTS
_cCOLANDER.D
942 _2udc
_cBK
999 _c34032
_d34032